000 00678nam a2200193Ii 4500
003 JO-AjNU
008 230605s9999||||xx |||||||||||||| ||und||
040 _aJO-AjNU
_bara
_erda
_cJO-AjNU
041 _aara
050 1 4 _aPJ7864.A42.A17 1989
100 3 _aتقديم المطلق، محمود,
_eauthor
_949298
245 0 0 _aعشيات وادي اليابس: ديوان مصطفى وهبي التل
264 3 1 _aعمان: الأهلية للنشر والتوزيع، 1989
300 _a191ص
336 _atext
_btxt
_2rdacontent
337 _aunmediated
_bn
_2rdamedia
338 _avolume
_bnc
_2rdacarrier
650 4 _aالشعر العربي - تفسير ونقد
_949299
999 _aA21644
_c25212
_d25212